000 01337 a2200217 4500
020 _a1580537472
020 _a9781580537476
082 0 4 _a658.4038
090 _c2985
_d2985
100 1 _aPritchard, Carl.
245 1 4 _aThe project management communications toolkit /
_cCarl Pritchard.
260 _a[S.l.] :
_bArtech Print on Demand,
_c2004.
300 _a220 p. ;
_c27 cm.
490 1 _aArtech house project management library.
500 _aHardcover.
520 _aEffective communication is every project managerÂ’s most powerful tool. Helping you achieve a high level of communications expertise and success is the goal of this book and CD-ROM package. This practical resource shows you how to coordinate the efforts of teams of project members and maintain an open dialog with senior executives. The book explains how to energize projects, create momentum, and achieve success by talking and listening to your staff. Moreover you learn how to effectively communicate project status and requirements to executive managemen
830 _aArtech house project management librar
856 _3Amazon.com
_uhttp://www.amazon.com/exec/obidos/ASIN/1580537472/chopaconline-
856 _3Amazon customer reviews
_uhttp://www.chopac.org/cgi-bin/tools/azrev.pl?q=15805374
942 _aNBS
_cBK
_k658.45 PRI
999 _c345475
_d345475